Countries by Highest Recorded Temperature - Statistics

General Stats
  • This quiz has been taken 106 times
  • The average score is 12 of 15
Answers on the Map
Answers color-coded by a green-red scale on the quiz's map according to % correct below.
 
Answer Stats
Temperature (C) Answer % Correct
56.7 United States
90%
51.0 Egypt
89%
52.0 Saudi Arabia
87%
54.0 Iran
82%
53.9 Iraq
81%
50.8 Oman
81%
52.1 United Arab Emirates
81%
51.3 Algeria
80%
52.0 Mexico
80%
51.0 India
79%
51.7 Morocco
79%
55.0 Tunisia
71%
53.7 Pakistan
70%
54.0 Kuwait
69%
54.0 Israel
62%
No matching quizzes found
Score Distribution
Percent of People with Each Score
Percentile by Number Answered
Your Score History
You have not taken this quiz